000 00613nam a22002177a 4500
003 OSt
005 20180427190535.0
008 160513b xxu||||| |||| 00| 0 eng d
020 _a0853692904
040 _c040a
082 _aQV 21
_bP494w 1994
100 _aLund, Walters
_912639
245 _aThe Pharmaceutical Codex: principles and practice of pharmaceutics
_b
250 _a12th.ed
260 _aLondon;
_bThe phamaceutical press,
_c1994
300 _axix,1117p;
_bill :
_c15 cm.
504 _aIncludes index
650 _aPharmaceutics
_91575
650 _aCodex pharmacopia
_912640
942 _2ddc
_cSLOAN
999 _c4033
_d4033